[Event "EST ch U14 2019"]
[Site "Tallinn"]
[Date "2019.04.19"]
[Round "2.5"]
[White "Pedmanson, Herman"]
[Black "Kokk, Karl Mattias"]
[Result "1-0"]
[WhiteElo "1849"]
[BlackElo "1684"]
[PlyCount "45"]
[EventDate "2019.04.18"]
[EventType "swiss"]
[EventRounds "4"]
[EventCountry "EST"]

1. d4 Nf6 2. Nc3 g6 3. e4 d6 4. f3 Bg7 5. Be3 Nbd7 6. Qd2 a6 7. g4 h5 8. g5 Nh7
9. O-O-O b5 10. h4 O-O 11. Nh3 c6 12. Bd3 a5 13. f4 Re8 14. e5 Nb6 15. Rdf1 e6
16. Ne4 d5 17. Nf6+ Nxf6 18. gxf6 Bf8 19. Bxg6 fxg6 20. Qd3 Qd7 21. Qxg6+ Kh8
22. f7 Ba6 23. Qg8# 1-0

[Event "EST ch U14 2019"]
[Site "Tallinn"]
[Date "2019.04.19"]
[Round "2.6"]
[White "Tomson, Mihkel"]
[Black "Rikas, Artur"]
[Result "1/2-1/2"]
[WhiteElo "1794"]
[BlackElo "1665"]
[PlyCount "91"]
[EventDate "2019.04.18"]
[EventType "swiss"]
[EventRounds "4"]
[EventCountry "EST"]

1. e4 e6 2. d4 d5 3. exd5 exd5 4. Bd3 Nc6 5. c3 Bd6 6. Nf3 Nge7 7. O-O O-O 8.
Bg5 f6 9. Bh4 Bf5 10. Bg3 Bxg3 11. fxg3 Qd7 12. Nh4 Be4 13. Qc2 f5 14. Nd2 Rae8
15. Rae1 Nc8 16. Nhf3 Nd6 17. b3 Kh8 18. Ng5 a6 19. Nh3 Nb5 20. Nxe4 fxe4 21.
Bxb5 axb5 22. Qd2 Kg8 23. Nf4 Qd6 24. b4 Nd8 25. Qe2 c6 26. Qg4 Ne6 27. Nh5 Qe7
28. Nf4 Qg5 29. Qxg5 Nxg5 30. h4 Ne6 31. Nxe6 Rxe6 32. Rxf8+ Kxf8 33. Kf2 Re8
34. Ke3 Ra8 35. Re2 Ra3 36. Rc2 Ke7 37. Kf4 Ke6 38. g4 Ra8 39. Ke3 b6 40. Rf2
Ra3 41. Rc2 Ra7 42. Re2 Rc7 43. Rb2 Rf7 44. Rb1 g6 45. g5 Rf5 46. Ra1 1/2-1/2

[Event "EST ch U14 2019"]
[Site "Tallinn"]
[Date "2019.04.19"]
[Round "2.7"]
[White "Levchenko, Marina"]
[Black "Rychagov, Nikita"]
[Result "0-1"]
[WhiteElo "1521"]
[BlackElo "1754"]
[PlyCount "120"]
[EventDate "2019.04.18"]
[EventType "swiss"]
[EventRounds "4"]
[EventCountry "EST"]

1. c4 e6 2. Nc3 d5 3. cxd5 exd5 4. d4 Nf6 5. Nf3 Bd6 6. Bg5 c6 7. e4 dxe4 8.
Nxe4 Bb4+ 9. Nc3 O-O 10. Be2 h6 11. Bxf6 Qxf6 12. O-O Be6 13. a3 Bd6 14. Ne4
Qe7 15. Nxd6 Qxd6 16. Qc2 Nd7 17. Rad1 Nf6 18. h3 Nd5 19. Nd2 Nf4 20. Ne4 Qe7
21. Bd3 f5 22. Nc5 Qg5 23. f3 Nxh3+ 24. Kh1 Nf4 25. Nxe6 Nxe6 26. Bc4 Rae8 27.
Rfe1 Rf6 28. Qb3 Qg6 29. Qxb7 Kh7 30. Bxe6 Rfxe6 31. Rxe6 Rxe6 32. Qa6 c5 33.
Qf1 cxd4 34. Rxd4 Qg3 35. Rd1 Rg6 36. Rc1 Rd6 37. Rd1 Rc6 38. Rc1 Rg6 39. Rd1
a5 40. Rd5 Re6 41. Rd1 a4 42. Rc1 Re3 43. Rd1 Qe5 44. Qa6 Qxb2 45. Qxa4 Rxa3
46. Qd4 Qc2 47. Qd2 Qc4 48. Qd4 Qf7 49. Kg1 Ra2 50. Qd5 Qa7+ 51. Qd4 Qc7 52.
Qd3 Qc5+ 53. Kh1 Ra4 54. g3 Ra3 55. Qe2 Re3 56. Qf2 Qc3 57. Rf1 Qd3 58. Qg2 Re2
59. Qg1 Qd2 60. Rb1 Qg5 0-1

[Event "EST ch U14 2019"]
[Site "Tallinn"]
[Date "2019.04.19"]
[Round "2.8"]
[White "Sizov, Lev"]
[Black "Snitsarenko, Ilja"]
[Result "0-1"]
[WhiteElo "1687"]
[BlackElo "1290"]
[Annotator "Dell"]
[PlyCount "88"]
[EventDate "2019.04.18"]
[EventType "swiss"]
[EventRounds "4"]
[EventCountry "EST"]

1. d4 Nf6 2. c4 g6 3. Nc3 Bg7 4. e4 d6 5. f4 O-O 6. h3 Re8 7. Nf3 b6 8. g4 Bb7
9. d5 e6 10. g5 Nh5 11. Bd3 exd5 12. cxd5 c6 13. Kf2 cxd5 14. Nxd5 Bxd5 15.
exd5 b5 16. Kg2 a6 17. Ng1 Nd7 18. Be2 Nc5 19. Bxh5 gxh5 20. Qxh5 Nd3 21. Rb1
Re1 (21... Qb6 22. Qh4 Re1) 22. Ne2 Rxh1 (22... Qb6 $19) 23. Kxh1 Nf2+ 24. Kg2
Nd3 25. Qg4 Qb6 26. Qg3 Nc5 27. Be3 Qb7 28. Qf3 Nd3 29. b3 Nb4 30. a3 Nxd5 31.
Kf2 Rb8 32. Rd1 Nxe3 33. Qxb7 Rxb7 (33... Nxd1+ $19) 34. Kxe3 Re7+ 35. Kf3 Rd7
36. Ng3 d5 37. Nf5 Bb2 38. a4 bxa4 39. bxa4 a5 40. Ne3 (40. Rxd5 $16) 40... d4
41. Nf5 d3 42. Ke3 d2 43. Rxd2 $4 Bc1 44. Nh6+ Kf8 0-1

[Event "EST ch U14 2019"]
[Site "Tallinn"]
[Date "2019.04.19"]
[Round "2.9"]
[White "Lazojev, Mark"]
[Black "Mikko, Rondo"]
[Result "0-1"]
[WhiteElo "1518"]
[BlackElo "1863"]
[PlyCount "96"]
[EventDate "2019.04.18"]
[EventType "swiss"]
[EventRounds "4"]
[EventCountry "EST"]

1. e4 c5 2. d3 Nc6 3. Nc3 e6 4. Bf4 a6 5. Nge2 d5 6. g3 d4 7. Nb1 e5 8. Bd2 g6
9. f4 Bg7 10. c3 Bg4 11. Qb3 b5 12. fxe5 Nxe5 13. Ng1 Rc8 14. Bf4 Be6 15. Qc2
Ne7 16. Bxe5 Bxe5 17. Nf3 Bg7 18. Nbd2 Qa5 19. Nb3 Bxb3 20. Qxb3 dxc3 21. Ke2
cxb2 22. Rb1 c4 23. dxc4 bxc4 24. Qc2 O-O 25. Bh3 Rc7 26. Rhd1 Qxa2 27. e5 Qb3
28. Rxb2 Qxc2+ 29. Rxc2 Rc5 30. Rd7 Nc6 31. e6 f5 32. e7 Re8 33. Ng5 Nd4+ 34.
Rxd4 Bxd4 35. Rd2 Rxe7+ 36. Kd1 Bf6 37. Nf3 c3 38. Rc2 Rd5+ 39. Kc1 Bg5+ 40.
Kb1 Bd2 41. Ka2 Rb7 42. Ka1 Ra5+ 43. Ra2 Rxa2+ 44. Kxa2 c2 45. Nxd2 c1=Q 46.
Nb3 Qc2+ 47. Ka1 Qxb3 48. Bg2 Qb2# 0-1

[Event "EST ch U14 2019"]
[Site "Tallinn"]
[Date "2019.04.19"]
[Round "2.10"]
[White "Padari, Tuudur Jakob"]
[Black "Savinov, Matvei"]
[Result "0-1"]
[WhiteElo "1560"]
[BlackElo "1834"]
[PlyCount "98"]
[EventDate "2019.04.18"]
[EventType "swiss"]
[EventRounds "4"]
[EventCountry "EST"]

1. d4 Nf6 2. c4 g6 3. Nc3 Bg7 4. e4 d6 5. f4 Bg4 6. Nf3 O-O 7. e5 Ne8 8. Be2
Bxf3 9. Bxf3 c6 10. O-O Qb6 11. Kh1 Nd7 12. Qb3 dxe5 13. dxe5 Qxb3 14. axb3 Nc5
15. Bd1 f6 16. exf6 Rxf6 17. Bc2 e5 18. Be3 Nd7 19. fxe5 Rxf1+ 20. Rxf1 Nxe5
21. Re1 a5 22. h3 Nc7 23. Bb6 Ne6 24. Be3 Nd7 25. Rd1 Ndc5 26. Rb1 Na6 27. Na4
Nb4 28. Be4 Nd4 29. Bxd4 Bxd4 30. Rd1 Bg7 31. Nc3 Re8 32. Bf3 Na6 33. Rd2 Nc5
34. Bd1 Re3 35. Na4 Nxb3 36. Rd8+ Bf8 37. Bxb3 Rxb3 38. Ra8 b6 39. c5 b5 40.
Nb6 Kg7 41. Ra7+ Kh6 42. Nd7 Be7 43. Rxa5 Rxb2 44. Ra6 Rd2 45. Ne5 Bxc5 46.
Rxc6 Bd4 47. Rd6 Rd1+ 48. Kh2 Bxe5+ 49. g3 Bxd6 0-1

[Event "EST ch U14 2019"]
[Site "Tallinn"]
[Date "2019.04.19"]
[Round "2.11"]
[White "Pedmanson, Albert"]
[Black "Pallum, Rasmus"]
[Result "1-0"]
[WhiteElo "1956"]
[BlackElo "1394"]
[Annotator "Dell"]
[PlyCount "35"]
[EventDate "2019.04.18"]
[EventType "swiss"]
[EventRounds "4"]
[EventCountry "EST"]

1. e4 c6 2. d4 d5 3. Nd2 dxe4 4. Nxe4 Bf5 5. Ng3 Bg6 6. h4 h6 7. f4 e6 8. Nf3
Nf6 9. h5 Be4 10. Nxe4 Nxe4 11. Bd3 Nf6 12. Ne5 Nbd7 13. c3 Be7 14. Qe2 Qc7 $4
15. Nxf7 $1 Kxf7 16. Bg6+ Kf8 17. Qxe6 Ne8 18. Qf7# 1-0

[Event "EST ch U14 2019"]
[Site "Tallinn"]
[Date "2019.04.19"]
[Round "2.12"]
[White "Naestema, Joonas Aditya"]
[Black "Pronin, Arseni"]
[Result "1-0"]
[WhiteElo "1684"]
[BlackElo "1515"]
[PlyCount "121"]
[EventDate "2019.04.18"]
[EventType "swiss"]
[EventRounds "4"]
[EventCountry "EST"]

1. d4 Nf6 2. Nf3 g6 3. Bf4 d6 4. e3 Bg7 5. h3 O-O 6. Be2 Nc6 7. O-O Bd7 8. c4
e6 9. Nc3 Re8 10. Qd2 e5 11. dxe5 dxe5 12. Bh2 e4 13. Nd4 Nxd4 14. exd4 Be6 15.
d5 c6 16. Rfd1 Bd7 17. Qe3 h6 18. dxc6 bxc6 19. Rac1 Kh7 20. b3 Qc8 21. Rd4 Qb7
22. Na4 Qb4 23. Bd6 Qa5 24. Nc5 Qxa2 25. Nxd7 Nxd7 26. Rd2 Qa6 27. c5 Qb7 28.
Bc4 f5 29. Bf7 Rec8 30. Qg3 Nf8 31. Bxf8 Qxf7 32. Bxg7 Qxg7 33. Rcd1 Rc7 34.
Qxc7 Qxc7 35. Rd7+ Qxd7 36. Rxd7+ Kg8 37. Rc7 Re8 38. Rxa7 Kf8 39. Rc7 Re6 40.
Kf1 f4 41. Ke2 g5 42. b4 Ke8 43. Rb7 Kd8 44. Rf7 Ke8 45. Rc7 Kd8 46. Rb7 Ke8
47. Ra7 Kd8 48. Rb7 Ke8 49. Rh7 Kd8 50. g3 fxg3 51. fxg3 e3 52. Rf7 Kc8 53. Rf3
Kb7 54. Rxe3 Rxe3+ 55. Kxe3 Ka6 56. Kd3 Kb5 57. Kc3 h5 58. g4 hxg4 59. hxg4 Ka6
60. Kc4 Kb7 61. Kd4 1-0

[Event "EST ch U14 2019"]
[Site "Tallinn"]
[Date "2019.04.19"]
[Round "2.13"]
[White "Kang, Paul"]
[Black "Shnurov, Daniil"]
[Result "0-1"]
[WhiteElo "1471"]
[BlackElo "1674"]
[PlyCount "54"]
[EventDate "2019.04.18"]
[EventType "swiss"]
[EventRounds "4"]
[EventCountry "EST"]

1. e4 c6 2. d4 d5 3. Nc3 dxe4 4. Nxe4 Bf5 5. Ng3 Bg6 6. Nf3 Nd7 7. Be2 e6 8.
Bf4 h6 9. O-O Ngf6 10. c4 Nb6 11. b3 Be7 12. Bd3 Bxd3 13. Qxd3 O-O 14. Rad1 c5
15. Rfe1 Rc8 16. Ne4 cxd4 17. Nxd4 Nbd7 18. Ng3 Bb4 19. Re2 a6 20. Qf3 Qb6 21.
Rd3 Rfe8 22. Bc1 Qc7 23. Nh5 e5 24. Bxh6 e4 25. Rxe4 Rxe4 26. g3 Nxh5 27. Qxe4
Nc5 0-1

[Event "EST ch U14 2019"]
[Site "Tallinn"]
[Date "2019.04.19"]
[Round "2.14"]
[White "Kull, Tormi"]
[Black "Aleksejev, Artjom"]
[Result "1-0"]
[WhiteElo "1623"]
[BlackElo "1484"]
[Annotator "Dell"]
[PlyCount "21"]
[EventDate "2019.04.18"]
[EventType "swiss"]
[EventRounds "4"]
[EventCountry "EST"]

1. e4 e5 2. Nf3 f5 3. Nxe5 Qe7 4. Qh5+ g6 5. Nxg6 Qxe4+ 6. Kd1 Nf6 7. Qh4 {[#]}
hxg6 $2 ({Igivana teooria ütleb siin õigeks käiguks} 7... Ng4 8. f3 $1 ({
Halb on} 8. d3 hxg6 $1 ({Päris hull on variant} 8... Qd4 9. Nf4 Nxf2+ 10. Ke2
$1 (10. Ke1 $6 Nxh1 11. Qh5+ Kd8 (11... Ke7 12. Qh4+ Kf7 13. Be2 $13) 12. Qh4+
Be7 13. Ne6+ dxe6 14. Qxd4+) 10... Nxh1 11. Qh5+ Ke7 (11... Kd8 12. Qh4+ Ke8 (
12... Be7 $4 13. Ne6+) 13. Qh5+ $11) 12. Be3 Qe5 13. Nc3) 9. Qxh8 Nxf2+ 10. Kd2
Qg4 (10... Qf4+ $5 11. Ke2 Qxc1 12. Kxf2 Nc6 $17 13. Qc3 Kf7 $1 14. g3 Bb4 15.
Qc4+ Kg7 16. Bg2 Qxb2) 11. Qe5+ Kf7 12. Be2 Qg5+ 13. Kc3 Qxg2 $19 (13... Qh4 {
0-1 (13) Polerio,G-Leonardo,G Rome 1572} 14. d4 $1 $13) 14. Rf1 Bg7) 8... hxg6
$3 9. Qxg4 $3 Qxc2+ $1 {Kui arvuti esimest korda seda näitas, arvasin et
midagi on läbi kärsanud. Aga just nii see variant peakski minema... lauale
tuleb võrdsus.} 10. Kxc2 fxg4 $11) 8. Qxf6 $1 {Nüüd on must omast võttest
selili.} Rh3 9. Qxg6+ (9. Bc4 $1 $18) 9... Kd8 10. d3 Qd5 11. Bg5+ 1-0

[Event "EST ch U14 2019"]
[Site "Tallinn"]
[Date "2019.04.19"]
[Round "2.15"]
[White "Raide, Sivert"]
[Black "Rychagov, Anton"]
[Result "1-0"]
[WhiteElo "1584"]
[BlackElo "1470"]
[PlyCount "41"]
[EventDate "2019.04.18"]
[EventType "swiss"]
[EventRounds "4"]
[EventCountry "EST"]

1. d4 d5 2. c4 e6 3. Nf3 Nf6 4. Nc3 c5 5. cxd5 exd5 6. e3 Bf5 7. Qb3 b6 8. Bb5+
Nbd7 9. Nxd5 Be6 10. Nxf6+ Qxf6 11. Bxd7+ Bxd7 12. Ne5 Be6 13. Qb5+ Kd8 14. O-O
Bd6 15. Qc6 Re8 16. Qxd6+ Kc8 17. Qc6+ Kb8 18. Qxe8+ Kb7 19. Qc6+ Kb8 20. Nd7+
Bxd7 21. Qxd7 1-0

[Event "EST ch U14 2019"]
[Site "Tallinn"]
[Date "2019.04.19"]
[Round "2.16"]
[White "Narva, Jaan Oskar"]
[Black "Dukov, Vladimir"]
[Result "1-0"]
[WhiteElo "1396"]
[BlackElo "1576"]
[PlyCount "95"]
[EventDate "2019.04.18"]
[EventType "swiss"]
[EventRounds "4"]
[EventCountry "EST"]

1. e4 e6 2. d4 d5 3. e5 c5 4. c3 Nc6 5. Nf3 Qb6 6. b3 cxd4 7. cxd4 Bb4+ 8. Ke2
Nge7 9. a3 Qa6+ 10. Ke3 Nf5+ 11. Kf4 Qa5 12. g4 Nfe7 13. Bb2 Ng6+ 14. Kg3 Be7
15. h4 f5 16. gxf5 exf5 17. h5 f4+ 18. Kg2 Nf8 19. Qc1 Ne6 20. Kg1 Rg8 21. Bh3
g5 22. hxg6 Rxg6+ 23. Kf1 b6 24. b4 Ba6+ 25. Ke1 Bxb4+ 26. axb4 Qxb4+ 27. Bc3
Qc4 28. Bf1 Rh6 29. Nbd2 Rxh1 30. Nxc4 Bxc4 31. Nd2 Bb5 32. Qb2 Bd3 33. f3 Ng5
34. Qa3 Ne7 35. Bb4 Nxf3+ 36. Kf2 Nxd2 37. Bxd2 Rh2+ 38. Ke1 Bxf1 39. Kxf1 Rxd2
40. Qh3 Rc8 41. Qh5+ Kd8 42. Qxh7 Rcc2 43. Qh8+ Kd7 44. Rxa7+ Rc7 45. e6+ Kd6
46. Qe5+ Kc6 47. Rxc7+ Kb5 48. Qxf4 1-0

[Event "EST ch U14 2019"]
[Site "Tallinn"]
[Date "2019.04.19"]
[Round "2.17"]
[White "Provodin, Aleksandr"]
[Black "Luik, Ott-Robert"]
[Result "0-1"]
[WhiteElo "1360"]
[BlackElo "1521"]
[PlyCount "100"]
[EventDate "2019.04.18"]
[EventType "swiss"]
[EventRounds "4"]
[EventCountry "EST"]

1. e4 d5 2. exd5 Qxd5 3. Nc3 Qa5 4. d3 Nf6 5. Nf3 Bg4 6. h3 Bxf3 7. Qxf3 c6 8.
Be2 e6 9. Qg3 Nbd7 10. O-O g6 11. f4 Bd6 12. Qh4 O-O 13. Kh1 Be7 14. Ne4 Nxe4
15. Qxe7 Ng3+ 16. Kg1 Nxf1 17. Kxf1 Qd8 18. Qb4 Nb6 19. f5 exf5 20. Bh6 Re8 21.
Qc3 f6 22. d4 g5 23. Bc4+ Nxc4 24. Qxc4+ Qd5 25. Qxd5+ cxd5 26. h4 Kf7 27. h5
Re4 28. g3 Rxd4 29. Re1 Re8 30. Rxe8 Kxe8 31. Ke2 Rg4 32. Kf3 Rc4 33. c3 Ra4
34. a3 Re4 35. Bg7 Kf7 36. Bh6 Re1 37. b4 Rc1 38. Kf2 Rxc3 39. a4 Rc4 40. b5
Re4 41. a5 d4 42. b6 axb6 43. axb6 d3 44. Bxg5 fxg5 45. g4 f4 46. Kf3 Re3+ 47.
Kf2 d2 48. Kf1 d1=Q+ 49. Kg2 Qd2+ 50. Kf1 Re1# 0-1

[Event "EST ch U14 2019"]
[Site "Tallinn"]
[Date "2019.04.20"]
[Round "3.1"]
[White "Rychagov, Nikita"]
[Black "Protassov, Vlad"]
[Result "1/2-1/2"]
[WhiteElo "1792"]
[BlackElo "2036"]
[PlyCount "31"]
[EventDate "2019.04.18"]
[EventType "swiss"]
[EventRounds "4"]
[EventCountry "EST"]

1. e4 c6 2. d4 d5 3. e5 Bf5 4. Bd3 Bxd3 5. Qxd3 e6 6. Ne2 Nd7 7. O-O Ne7 8. Nd2
c5 9. c3 Nc6 10. f4 cxd4 11. cxd4 Qb6 12. Nf3 Nb4 13. Qb3 Nc6 14. Qd3 Nb4 15.
Qb3 Nc6 16. Qd3 1/2-1/2

[Event "EST ch U14 2019"]
[Site "Tallinn"]
[Date "2019.04.20"]
[Round "3.2"]
[White "Andrijashkin, Deniss"]
[Black "Pedmanson, Herman"]
[Result "1-0"]
[WhiteElo "1957"]
[BlackElo "1849"]
[PlyCount "117"]
[EventDate "2019.04.18"]
[EventType "swiss"]
[EventRounds "4"]
[EventCountry "EST"]

1. e4 c6 2. Nf3 d5 3. Nc3 Bg4 4. h3 Bxf3 5. Qxf3 e6 6. g3 Nf6 7. d3 Nbd7 8. Bg2
Bb4 9. Bd2 O-O 10. O-O dxe4 11. dxe4 Ne5 12. Qe2 Qd4 13. a3 Ba5 14. Rad1 Qc4
15. b3 Qxe2 16. Nxe2 Bxd2 17. Rxd2 Rad8 18. Rfd1 Rd7 19. f4 Rfd8 20. Rd4 Rxd4
21. Rxd4 Rxd4 22. Nxd4 Ned7 23. e5 Nd5 24. Kf2 Kf8 25. Ke2 Ke7 26. c4 N5b6 27.
Be4 Nc5 28. Bc2 a5 29. g4 g6 30. h4 f6 31. exf6+ Kxf6 32. g5+ Kf7 33. Nf3 Nbd7
34. Ke3 e5 35. fxe5 Ke6 36. Kf4 Kf7 37. b4 Ne6+ 38. Ke4 Nb6 39. Bd3 axb4 40.
axb4 c5 41. b5 Na4 42. Bf1 Nc3+ 43. Ke3 Ng7 44. Bh3 Ne6 45. Nd2 Nd1+ 46. Kf3
Nd4+ 47. Kg3 Ne3 48. Bc8 b6 49. Kf4 Nef5 50. Kg4 Nc2 51. Bxf5 Ne3+ 52. Kf4 Nxf5
53. Ne4 Nxh4 54. Nd6+ Ke6 55. Nc8 Ng2+ 56. Ke4 Ne1 57. Nxb6 Nc2 58. Na4 Na3 59.
Nxc5+ 1-0

[Event "EST ch U14 2019"]
[Site "Tallinn"]
[Date "2019.04.20"]
[Round "3.3"]
[White "Nikitin, Arseni"]
[Black "Snitsarenko, Ilja"]
[Result "1-0"]
[WhiteElo "1873"]
[BlackElo "1290"]
[PlyCount "77"]
[EventDate "2019.04.18"]
[EventType "swiss"]
[EventRounds "4"]
[EventCountry "EST"]

1. e4 c5 2. Nf3 e6 3. c4 Nc6 4. Nc3 Nf6 5. Be2 a6 6. O-O Qc7 7. a3 Be7 8. d4
O-O 9. Be3 d6 10. Qd2 b6 11. Rab1 a5 12. d5 exd5 13. exd5 Ne5 14. Nxe5 dxe5 15.
Nb5 Qb8 16. f4 Rd8 17. fxe5 Qxe5 18. Bf4 Qd4+ 19. Nxd4 cxd4 20. Kh1 Bf5 21. Bd3
Bd7 22. Bc7 Re8 23. Bxb6 Bd6 24. Bxd4 Ne4 25. Qc2 f5 26. Rbe1 Nc5 27. Bxc5 Bxc5
28. Rxe8+ Rxe8 29. Bxf5 Bxf5 30. Qxf5 h6 31. Qf7+ Kh7 32. Qxe8 a4 33. Qe4+ Kg8
34. d6 Bxd6 35. Qe6+ Kh7 36. Qxd6 Kg8 37. Rf8+ Kh7 38. Qd3+ g6 39. Qd7# 1-0

[Event "EST ch U14 2019"]
[Site "Tallinn"]
[Date "2019.04.20"]
[Round "3.4"]
[White "Snitsarenko, Igor"]
[Black "Mikko, Rondo"]
[Result "1/2-1/2"]
[WhiteElo "1748"]
[BlackElo "1863"]
[PlyCount "75"]
[EventDate "2019.04.18"]
[EventType "swiss"]
[EventRounds "4"]
[EventCountry "EST"]

1. e4 c5 2. Nf3 Nc6 3. d4 cxd4 4. Nxd4 e5 5. Nb5 d6 6. N1c3 a6 7. Na3 b5 8. Nd5
Nf6 9. Bg5 Be7 10. Bxf6 Bxf6 11. Be2 O-O 12. O-O Be6 13. c4 b4 14. Nc2 a5 15.
Nce3 Nd4 16. Bg4 Bg5 17. Nf5 Bxd5 18. cxd5 Nxf5 19. Bxf5 g6 20. Bg4 f5 21. exf5
gxf5 22. Be2 Qd7 23. a3 Qb7 24. Qb3 Kh8 25. Qd3 Qb6 26. Qb5 Qxb5 27. Bxb5 e4
28. axb4 axb4 29. Bc6 Rxa1 30. Rxa1 Bf6 31. Ra4 Rb8 32. b3 Bd4 33. g3 Kg7 34.
Ra6 Bc5 35. Kg2 Kf6 36. f4 exf3+ 37. Kxf3 h6 38. Ra2 1/2-1/2

[Event "EST ch U14 2019"]
[Site "Tallinn"]
[Date "2019.04.20"]
[Round "3.5"]
[White "Savinov, Matvei"]
[Black "Tomson, Mihkel"]
[Result "0-1"]
[WhiteElo "1864"]
[BlackElo "1794"]
[Annotator "Dell"]
[PlyCount "129"]
[EventDate "2019.04.18"]
[EventType "swiss"]
[EventRounds "4"]
[EventCountry "EST"]

1. d4 Nf6 2. c4 e6 3. Nc3 c5 4. Nf3 b6 5. e4 cxd4 6. Nxd4 Bb7 7. Bg5 Be7 8. e5
Ne4 9. Nxe4 Bxe4 10. Bxe7 Qxe7 11. Nb5 Qb4+ 12. Qd2 Qxd2+ 13. Kxd2 Kd8 14. Nd6
Bg6 15. Bd3 Ke7 16. Bxg6 hxg6 17. h3 Nc6 18. f4 f6 19. Rae1 fxe5 20. fxe5 Nxe5
21. Rxe5 Kxd6 22. Rg5 Raf8 23. Rxg6 Rf7 24. Ke3 Rh5 25. g4 Re5+ 26. Kd4 Re2 27.
Rd1 Ke7 28. Kc3 Ref2 29. Rd3 R2f6 30. Rg5 Rf3 31. h4 Rxd3+ 32. Kxd3 Kf6 33. Ke4
d6 34. Rb5 g6 35. Rb3 Rc7 36. Rf3+ Kg7 37. b3 Rc5 38. Rd3 Rc6 39. g5 Kf7 40.
Rf3+ Ke7 41. Kd4 Rc8 42. Rf6 Rg8 43. a4 Rg7 44. Ke3 Kd7 45. Kf3 e5 46. Kg4 a5
47. h5 gxh5+ 48. Kxh5 e4 49. Kh6 Rg8 50. Rf7+ Ke6 51. Rf1 Ke5 (51... e3 52. Rf3
e2 53. Re3+ Kf5 54. Rxe2 Rg6+ 55. Kh7 Rxg5 $11) 52. g6 e3 53. g7 Kd4 54. Kh7 e2
55. Rh1 (55. Re1 Rxg7+ 56. Kxg7 Kd3 57. Kf6 Kd2 58. Rxe2+ Kxe2 59. Ke6 Kd3 60.
Kxd6 Kc3 61. c5 bxc5 62. Kxc5 Kxb3 63. Kb5 $18) 55... Rxg7+ 56. Kxg7 Kc3 57.
Re1 $4 Kd2 58. Rh1 e1=Q 59. Rxe1 Kxe1 60. Kf6 Kd2 61. Ke6 Kc3 {alistus
viigiseisus} 62. Kxd6 Kxb3 63. c5 $1 bxc5 64. Kxc5 Kxa4 65. Kc4 0-1

[Event "EST ch U14 2019"]
[Site "Tallinn"]
[Date "2019.04.20"]
[Round "3.6"]
[White "Rikas, Artur"]
[Black "Olde, Karl Erik"]
[Result "1-0"]
[WhiteElo "1665"]
[BlackElo "1864"]
[PlyCount "149"]
[EventDate "2019.04.18"]
[EventType "swiss"]
[EventRounds "4"]
[EventCountry "EST"]

1. e4 c5 2. c4 Nc6 3. Nc3 g6 4. g3 Bg7 5. Bg2 d6 6. Nge2 e6 7. O-O Nge7 8. d3
O-O 9. a3 a6 10. Rb1 Nd4 11. Nxd4 cxd4 12. Ne2 Rb8 13. b4 b5 14. Qd2 Bb7 15.
Bb2 Qb6 16. cxb5 axb5 17. Nc1 d5 18. Re1 dxe4 19. dxe4 e5 20. Nd3 Rfd8 21. Rbc1
Nc8 22. Bf1 Nd6 23. Nc5 Rbc8 24. Bd3 Bc6 25. Qe2 Bh6 26. Rc2 Qc7 27. a4 bxa4
28. b5 Bxb5 29. Bxb5 Qb6 30. Bxa4 Rxc5 31. Ba3 Rxc2 32. Qxc2 Rc8 33. Rb1 Qa6
34. Qb3 Ra8 35. Qd5 Qxa4 36. Bxd6 Qe8 37. Rb7 Bg7 38. Re7 Qf8 39. Rxe5 Ra1+ 40.
Kg2 Qa8 41. Re7 Qf8 42. Rb7 Qe8 43. Rb8 Qxb8 44. Bxb8 Ra6 45. Qd8+ Bf8 46. e5
Ra8 47. Qb6 d3 48. Bd6 d2 49. Qd4 Bh6 50. Bb4 Re8 51. Bxd2 Bxd2 52. Qxd2 Rxe5
53. Qd8+ Kg7 54. Qd4 f6 55. Qa7+ Kg8 56. h4 h5 57. f4 Rf5 58. Kf3 Kf8 59. Qh7
Rb5 60. Qxg6 Ke7 61. Qe4+ Kd6 62. Qd4+ Ke6 63. Qc4+ Rd5 64. Ke4 f5+ 65. Ke3 Kd6
66. Qa6+ Ke7 67. Qg6 Kf8 68. Qf6+ Kg8 69. Qe6+ Kg7 70. Qxd5 Kh6 71. Qxf5 Kg7
72. Qg5+ Kh8 73. f5 Kh7 74. f6 Kh8 75. Qg7# 1-0

[Event "EST ch U14 2019"]
[Site "Tallinn"]
[Date "2019.04.20"]
[Round "3.7"]
[White "Shnurov, Daniil"]
[Black "Pedmanson, Albert"]
[Result "1/2-1/2"]
[WhiteElo "1647"]
[BlackElo "1956"]
[Annotator "Dell"]
[PlyCount "77"]
[EventDate "2019.04.18"]
[EventType "swiss"]
[EventRounds "4"]
[EventCountry "EST"]

1. c4 e5 2. Nc3 Nf6 3. g3 c6 4. d4 exd4 5. Qxd4 d5 6. cxd5 cxd5 7. Qd1 Be6 8.
Bg2 h6 9. Nf3 Nc6 10. O-O Bc5 11. b3 O-O 12. Bb2 Qd7 13. Rc1 Be7 14. Qd2 Rfd8
15. Rfd1 Bh3 16. e3 Bxg2 17. Kxg2 Qf5 18. Nd4 Nxd4 19. Qxd4 Rac8 20. Qd3 Qh5
21. h3 Rc6 22. Nb5 Ne4 23. Rxc6 bxc6 24. Nd4 Rc8 25. f3 c5 26. Ne2 Ng5 27. Qf5
Rd8 28. h4 g6 29. Qe5 Qxf3+ 30. Kg1 d4 31. Qxe7 Qxe2 (31... Nh3+ 32. Kh2 Qxe2+
33. Kxh3 Rf8 34. Rb1 Qc2 $15) 32. Qxd8+ Kh7 33. hxg5 Qxd1+ 34. Kg2 Qc2+ 35. Kh3
Qf5+ 36. Kg2 Qe4+ 37. Kh2 Qc2+ 38. Kh3 Qxb2 39. Qf6 1/2-1/2

[Event "EST ch U14 2019"]
[Site "Tallinn"]
[Date "2019.04.20"]
[Round "3.8"]
[White "Kull, Tormi"]
[Black "Sadekov, Maksim"]
[Result "0-1"]
[WhiteElo "1623"]
[BlackElo "1780"]
[PlyCount "66"]
[EventDate "2019.04.18"]
[EventType "swiss"]
[EventRounds "4"]
[EventCountry "EST"]

1. e4 d5 2. exd5 Qxd5 3. Nc3 Qd8 4. d4 c6 5. Bc4 Nf6 6. Nf3 Bf5 7. O-O e6 8.
Re1 Be7 9. Bf4 O-O 10. a3 Nbd7 11. b4 Nb6 12. Bb3 Rc8 13. h3 Nbd5 14. Nxd5 cxd5
15. Nh4 Bg6 16. Nxg6 hxg6 17. Rc1 b5 18. Be5 Nd7 19. Bg3 Nb6 20. Qd3 Nc4 21.
Bxc4 Rxc4 22. c3 Bd6 23. f4 Qc7 24. Qf3 Rc8 25. Re3 Rxd4 26. cxd4 Qxc1+ 27. Kh2
Qa1 28. Rd3 Rc1 29. Bf2 g5 30. Be3 Rf1 31. Qh5 gxf4 32. Bxf4 Bxf4+ 33. g3 Rf2#
0-1